| 000 | 01315nam a2200253Ia 4500 | ||
|---|---|---|---|
| 003 | Ost | ||
| 005 | 20260507075410.0 | ||
| 008 | 260507s9999||||xx |||||||||||||| ||und|| | ||
| 020 | _a2306119957 | ||
| 040 | _cfsecg | ||
| 041 | _aara | ||
| 082 | _a600 | ||
| 100 |
_aمطر، محمد _eمؤلف |
||
| 245 | 0 |
_aالنظم المحاسبية المتخصصة وتطبيقاتها العملية / _c محمد مطر |
|
| 250 | _aطبعة 2 | ||
| 260 |
_aعمان: _bدار وائل للنشر والتوزيع, _c2008 |
||
| 300 |
_a345 صفحة؛ _bإيضاحات ؛ _c24 سم |
||
| 504 | _aالمراجع ص.343 | ||
| 520 | _aيضم النظم المحاسبية في شركات المقاولات، النظم المحاسبية في المنشآت ذات الأقسام، النظم المحاسبية في المنشآت ذات الفروع، المحاسبة عن البيع بالتقسيط، المحاسبة عن بضاعة الأمانة، النظم المحاسبية في الفنادق، النظم المحاسبية في المستشفيات، النظم المحاسبية للمنشآت غير الهادفة للربح | ||
| 653 | _aالشركات- محاسبة | ||
| 653 | _aالمحاسبة الخاصة | ||
| 700 |
_aزوليف، أنعام _eمؤلف ثانوي |
||
| 942 | _cكتاب | ||
| 999 |
_c44378 _d44378 |
||